The carefull wife's good counsel: or, The husband's firm resolution to reform his life, : and to lay something against a rainy day. To the tune of The spinning-wheel. Licensed according to order.

Bibliographic Details
Format: eBook
Language:English
Published: [London] : Printed for P. Brooksby, J. Deacon, J. Blare, J. Back., [between 1688-1692]
Series:Early English books online.
Subjects:
Online Access:Connect to the full text of this electronic book

MARC

Tag First Indicator Second Indicator Subfields
LEADER 00000nam a2200000 4500
001 in00004187213
005 20200806082228.0
006 m g d
007 cr bn |||a|bb|
008 980513q16881692enka o 00 eng d
035 |a (UnM)99887612 
037 |a CL2105000001  |b ProQuest Information and Learning. 300 N. Zeeb Rd., Ann Arbor, MI 48106 
040 |a Cu-RivES  |c Cu-RivES  |e dcrb 
245 0 4 |a The carefull wife's good counsel: or, The husband's firm resolution to reform his life, :  |b and to lay something against a rainy day. To the tune of The spinning-wheel. Licensed according to order. 
246 3 0 |a Husband's firm resolution to reform his life 
260 |a [London] :  |b Printed for P. Brooksby, J. Deacon, J. Blare, J. Back.,  |c [between 1688-1692] 
300 |a 1 online resource (1 sheet ([1] pages) :  |b illustrations (woodcuts). 
336 |a text  |b txt  |2 rdacontent 
337 |a computer  |b c  |2 rdamedia 
338 |a online resource  |b cr  |2 rdacarrier 
500 |a Place and date of publication suggested by Wing. 
500 |a Verse - "Kind husband, if you mean to thrive ..." 
500 |a Trimmed. 
500 |a Reproduction of original in the British Library. 
510 4 |a Wing (CD-ROM, 1996)  |c C539 
510 4 |a Early English books tract supplement interim guide  |c C.20.f.8[42] 
533 |a Electronic reproduction.  |b Ann Arbor, Mich. :  |c UMI,  |d 1999-  |f (Early English books online)  |n Digital version of: (Early English books; Tract supplement ; A5:2[33])  |7 s1999 miun s 
650 0 |a Ballads, English  |y 17th century. 
730 0 |a Spinning-wheel. 
830 0 |a Early English books online. 
856 4 0 |u http://proxy.library.tamu.edu/login?url=https://search.proquest.com/docview/2240880474  |z Connect to the full text of this electronic book  |t 0 
999 f f |s 0f0d38e0-5ccf-3322-bbe4-343d5bd45fb7  |i b7c3ce41-21ab-38dd-8b8e-5e28b1e7ff41  |t 0 
952 f f |a Texas A&M University  |b College Station  |c Electronic Resources  |d Available Online  |t 0  |h No information provided 
998 f f |t 0  |l Available Online